| 000 | 00430nam a2200157Ia 4500 | ||
|---|---|---|---|
| 003 | GCL | ||
| 008 | 140319s9999 xx 000 0 eng d | ||
| 040 |
_aGCL / _cGCL |
||
| 082 | 0 | 4 |
_a 636.0897 _bS T |
| 100 | 1 | _aSLATTER, DOUGLAS | |
| 245 | 1 | 0 |
_aTextbook of Small Animal Surgery / _cSLATTER, DOUGLAS |
| 260 |
_a[S.N] : _bW.B. SAUNDERS COMPANY ، _c1993 |
||
| 300 | _a2362 P P | ||
| 650 | 0 | 4 | _aVETERINARY - SURGERY |
| 942 |
_2ddc _cBK |
||
| 999 |
_c16992 _d16992 |
||